000 00901nam a2200289 i 4500
001 11528
003 ES-MaACL
005 20250830095348.0
007 t|
008 890330r19871985sp ||||0| spa d ..|
015 _a1989-ABR-7986
016 7 _zSAB9000045945
020 _a84-206-2196-X
040 _aM-BN-DP
_bspa
_cM-BN-DP
080 _a321.01
100 1 _aGarcía-Pelayo, Manuel.
_955092
245 1 4 _aLas Transformaciones del estado contemporáneo /
_cManuel García-Pelayo.
250 _a[2ª ed., 8ª reimp. en "Alianza universidad"].
260 _aMadrid :
_bAlianza Editorial,
_c1985 (
_g1994 imp)
300 _a224 p :
_bgráf ;
_c20 cm.
490 1 _aAlianza universidad ;
_v196
504 _aIndice.
650 1 7 _aEstado
_2embne
_912523
830 0 _aAlianza universidad ;
_v196
_9177276
852 _aES-MaACL
_jL-18861
_bR.124608
999 _c11528
_d11528